000
00350nam a2200109Ia 4500
008
221009s9999 xx 000 0 und d
082
_a
370
100
_a
Guider
_9
79384
245
0
_a
जवाहर नवोदय विद्यालय प्रवेश परीक्षा गाइड-2020
260
_b
Guider Competitive Group
942
_c
BK
999
_c
65267
_d
65267